000 00765nam a2200217 a 4500
005 20150414020002.0
008 140120b1997 ck ||||| |||| 00| 0 spa d
041 _aspa
090 _aIAvH
_b00053
100 _aPonce de León, Eugenia
_94218
245 _aConcepto jurídico sobre el régimen de propiedad de los recursos genéticos en Colombia e identificación de propuestas legales para aclarar su situación jurídica
260 _aVilla de Leyva (Boyacá)
_bInstituto Alexander von Humboldt
_c1997
300 _a75 p.
650 _aRecursos genéticos
_93527
650 _aPropiedad industrial
_92187
650 _aPropiedad intelectual
_94219
650 _aLegislación
_92474
650 _aLeyes
_93697
650 _aDecreto
_93698
942 _cCD-ROM
_2z
_03
999 _c1689
_d1689